NLSUI OPAC header image

An inquiry into the culture, practices and ethics of the press executive summary & recommendations (Record no. 115587)

MARC details
000 -LEADER
fixed length control field 00494nam a22001697a 4500
003 - CONTROL NUMBER IDENTIFIER
control field OSt
005 - DATE AND TIME OF LATEST TRANSACTION
control field 20190925165650.0
008 - FIXED-LENGTH DATA ELEMENTS--GENERAL INFORMATION
fixed length control field 190925b2012 ||||| |||| 00| 0 eng
020 ## - INTERNATIONAL STANDARD BOOK NUMBER
International Standard Book Number 9780102981100
040 ## - CATALOGING SOURCE
Transcribing agency NLSIU
082 ## - DEWEY DECIMAL CLASSIFICATION NUMBER
Classification number 342.0853 TLE
245 ## - TITLE STATEMENT
Title An inquiry into the culture, practices and ethics of the press executive summary & recommendations
260 ## - PUBLICATION, DISTRIBUTION, ETC.
Place of publication, distribution, etc. London
Name of publisher, distributor, etc. The Leveson Enquiry
Date of publication, distribution, etc. 2012
300 ## - PHYSICAL DESCRIPTION
Extent 46p
650 ## - SUBJECT ADDED ENTRY--TOPICAL TERM
Geographic subdivision Ethics of press
-- Press - public
942 ## - ADDED ENTRY ELEMENTS (KOHA)
Source of classification or shelving scheme Dewey Decimal Classification
Koha item type Repository
Holdings
Withdrawn status Lost status Source of classification or shelving scheme Damaged status Not for loan Home library Current library Shelving location Date acquired Source of acquisition Coded location qualifier Total Checkouts Full call number Barcode Date last seen Price effective from Koha item type
    Dewey Decimal Classification     . .   25.09.2019 Gratis Documentat   342.0853 TLE REP13438 25.09.2019 25.09.2019 Repository